[Event "3. Solskinsturnering 1976"]
[Site "Aarhus"]
[Date "1976.07.??"]
[Round "10"]
[White "Mortensen, Erling"]
[Black "Sloth, Jorn"]
[Result "1/2-1/2"]
[WhiteElo "2200"]
[BlackElo "2380"]
[PlyCount "32"]
[EventDate "1976.??.??"]
[EventType "tourn"]
[EventRounds "11"]
[EventCountry "DEN"]

1. c4 Nf6 2. Nc3 c6 3. e4 e5 4. Nf3 Bb4 5. Qc2 O-O 6. Be2 d5 7. cxd5 cxd5 8.
exd5 Re8 9. Qb3 e4 10. Nd4 Bc5 11. Nc2 Nbd7 12. Ne3 Ne5 13. O-O Qc7 14. Qd1 a6
15. d4 exd3 16. Bxd3 Bg4 1/2-1/2

[Event "3. Solskinsturnering 1976"]
[Site "Aarhus"]
[Date "1976.07.??"]
[Round "10"]
[White "Nemet, Ivan"]
[Black "Keene, Raymond"]
[Result "1/2-1/2"]
[WhiteElo "2455"]
[BlackElo "2460"]
[PlyCount "105"]
[EventDate "1976.??.??"]
[EventType "tourn"]
[EventRounds "11"]
[EventCountry "DEN"]

1. d4 Nf6 2. c4 e6 3. Nc3 Bb4 4. Qc2 c5 5. dxc5 O-O 6. a3 Bxc5 7. Nf3 b6 8. Bg5
Bb7 9. e4 h6 10. Bh4 Be7 11. Rd1 Nh5 12. Bxe7 Qxe7 13. Nd4 Rd8 14. Be2 Nf4 15.
Bf3 Nc6 16. Ndb5 Ne5 17. Nd6 Bc6 18. Ne2 Nxf3+ 19. gxf3 Ng2+ 20. Kf1 Nh4 21.
Qc3 Kh7 22. Rg1 Rg8 23. Qd3 Raf8 24. Nd4 Kh8 25. Nxc6 dxc6 26. f4 Ng6 27. Qe3
Qf6 28. f5 exf5 29. exf5 Ne7 30. Qc3 Qxc3 31. bxc3 c5 32. Rg3 f6 33. Re3 Nc6
34. Re6 Kh7 35. f4 Rd8 36. Rd5 Na5 37. Nf7 Rde8 38. Rd7 Nxc4 39. Rxf6 Rgf8 40.
Rc6 Ne3+ 41. Kf2 Nxf5 42. Rcc7 Re3 43. Nd6 Rd3 44. Nxf5 Rxd7 45. Rxd7 Rxf5 46.
Ke3 Rh5 47. Rxa7 Rh3+ 48. Ke4 Rxc3 49. f5 Kg8 50. a4 Rh3 51. f6 gxf6 52. Kf5
Rxh2 53. Rb7 1/2-1/2

[Event "3. Solskinsturnering 1976"]
[Site "Aarhus"]
[Date "1976.07.??"]
[Round "10"]
[White "Rukavina, Josip"]
[Black "Rosell, Kaj"]
[Result "1-0"]
[WhiteElo "2380"]
[BlackElo "2200"]
[PlyCount "99"]
[EventDate "1976.??.??"]
[EventType "tourn"]
[EventRounds "11"]
[EventCountry "DEN"]

1. g3 Nf6 2. Bg2 e6 3. d3 d5 4. Nf3 b6 5. O-O Bb7 6. Nbd2 Be7 7. e4 c5 8. e5
Nfd7 9. Re1 Nc6 10. Nf1 Qc7 11. Bf4 O-O-O 12. c3 h6 13. h4 Rdg8 14. h5 g5 15.
hxg6 fxg6 16. d4 g5 17. Be3 Qd8 18. Qa4 Kb8 19. N3d2 h5 20. b4 c4 21. b5 Na5
22. Qd1 Qf8 23. Nf3 Qg7 24. Qd2 Nf8 25. N3h2 g4 26. Bf4 Bc8 27. Rab1 Bd7 28.
Bxd5 Ng6 29. Bg2 Nxf4 30. Qxf4 Bc8 31. Qd2 h4 32. Qe2 Rh5 33. Ne3 hxg3 34. fxg3
Rgh8 35. Nef1 Qh6 36. Be4 Bg5 37. Rb2 Bc1 38. Rc2 Ba3 39. Ne3 Bd7 40. Nexg4 Qg7
41. Qf3 Rg5 42. Rg2 Rh3 43. Rf1 Bxb5 44. Qf6 Bd7 45. Qxg7 Rxg7 46. Rf3 Kc7 47.
Nf6 Ba4 48. g4 Rh8 49. Nh5 Re7 50. Nf4 1-0

[Event "3. Solskinsturnering 1976"]
[Site "Aarhus"]
[Date "1976.07.??"]
[Round "11"]
[White "Keene, Raymond"]
[Black "De Bruycker, Bernard"]
[Result "1/2-1/2"]
[WhiteElo "2460"]
[BlackElo "2370"]
[PlyCount "88"]
[EventDate "1976.??.??"]
[EventType "tourn"]
[EventRounds "11"]
[EventCountry "DEN"]

1. c4 e5 2. Nc3 Nf6 3. Nf3 d6 4. d4 Nbd7 5. e4 c6 6. Be2 g6 7. O-O Bg7 8. Re1
O-O 9. Bf1 exd4 10. Nxd4 a5 11. Nc2 Qc7 12. b3 d5 13. exd5 Nxd5 14. Nxd5 cxd5
15. Ba3 dxc4 16. Bxc4 Nc5 17. Ne3 Be6 18. Rc1 b6 19. Nd5 Bxd5 20. Qxd5 Rad8 21.
Qf3 Rd2 22. Re2 Rfd8 23. Rce1 Rxe2 24. Qxe2 Qf4 25. g3 Qd2 26. Qxd2 Rxd2 27.
Bc1 Rd8 28. Bg5 Rf8 29. Re7 Bd4 30. Bh6 Bg7 31. Be3 Bf6 32. Ra7 Bc3 33. Kf1 Kg7
34. h4 h5 35. Ke2 Kg8 36. Rc7 Kg7 37. Kf3 Be5 38. Ra7 Bb8 39. Re7 Bd6 40. Bd4+
Kg8 41. Re2 Rc8 42. g4 hxg4+ 43. Kxg4 Bf8 44. Re3 Rd8 1/2-1/2

[Event "3. Solskinsturnering 1976"]
[Site "Aarhus"]
[Date "1976.07.??"]
[Round "11"]
[White "Rath, Ulrik"]
[Black "Mortensen, Erling"]
[Result "1/2-1/2"]
[WhiteElo "2350"]
[BlackElo "2200"]
[PlyCount "46"]
[EventDate "1976.??.??"]
[EventType "tourn"]
[EventRounds "11"]
[EventCountry "DEN"]

1. d4 Nf6 2. c4 e6 3. Nf3 c5 4. e3 d5 5. Nc3 Nc6 6. a3 cxd4 7. exd4 Be7 8. cxd5
exd5 9. Ne5 O-O 10. Be2 Qb6 11. Nxc6 Qxc6 12. O-O Ne4 13. Qb3 Nxc3 14. Qxc3
Qxc3 15. bxc3 Be6 16. Bd2 Rfc8 17. Rfb1 Rc7 18. Bd3 Bd6 19. a4 Bd7 20. a5 a6
21. h3 Re8 22. Kf1 Bc6 23. Re1 Rce7 1/2-1/2

[Event "3. Solskinsturnering 1976"]
[Site "Aarhus"]
[Date "1976.07.??"]
[Round "11"]
[White "Rosell, Kaj"]
[Black "Fedder, Steen"]
[Result "1/2-1/2"]
[WhiteElo "2200"]
[BlackElo "2360"]
[PlyCount "26"]
[EventDate "1976.??.??"]
[EventType "tourn"]
[EventRounds "11"]
[EventCountry "DEN"]

1. c4 e5 2. Nc3 Nf6 3. Nf3 Nc6 4. e3 Bb4 5. Qc2 O-O 6. Nd5 Re8 7. Bd3 h6 8.
Nxf6+ Qxf6 9. a3 Bc5 10. Be4 a5 11. b3 d6 12. Bb2 Bg4 13. O-O Qe7 1/2-1/2

[Event "3. Solskinsturnering 1976"]
[Site "Aarhus"]
[Date "1976.07.??"]
[Round "11"]
[White "Rosenlund, Thorbjorn"]
[Black "Jakobsen, Ole"]
[Result "1/2-1/2"]
[WhiteElo "2330"]
[BlackElo "2435"]
[PlyCount "53"]
[EventDate "1976.??.??"]
[EventType "tourn"]
[EventRounds "11"]
[EventCountry "DEN"]

1. Nf3 Nf6 2. c4 c5 3. Nc3 d5 4. cxd5 Nxd5 5. g3 Nc6 6. Nxd5 Qxd5 7. Bg2 e5 8.
d3 Be7 9. O-O Qd7 10. Be3 f6 11. Rc1 Nd4 12. Nxd4 exd4 13. Bd2 O-O 14. b4 cxb4
15. Qb3+ Kh8 16. Bxb4 Re8 17. Bxe7 Rxe7 18. Rc2 Qd6 19. Qd5 Qb6 20. Rb2 Be6 21.
Rxb6 Bxd5 22. Rb2 Bxg2 23. Kxg2 Rc8 24. Kf3 Kg8 25. e3 dxe3 26. fxe3 Rc3 27.
Ke2 1/2-1/2